=LDR 00000nam 2200000 4500 =001 INLIS000000000033146 =005 20130612135121 =008 ***********************************ind** =035 ##$$a0010-061300000033146 =041 ##$$a ind =082 ##$$a 371.1 =090 ##$$a 371.1, Uno m =100 ##$$a Uno, Hamxah B =245 ##$$a Model pembelajaran menciptakan proses belajar mengajar yang kreatif dan efektif, Hamzah B. uno =260 ##$$a 2008 $b Jakarta =300 ##$$a ix,228 hlm, 23 cm =650 ##$$a Manajemen Dan Pengajar, =850 ##$$a NBPNMAT =990 ##$$a 92138/BPAP-NTB/2014